Devinez les paroles - Fixette, Ziak - Statistiques

Statistiques générales
  • Ce quiz a été pris 68 fois
    63 depuis la dernière actualisation
  • Le résultat moyen est 207 sur 568
Statistiques - réponses
Paroles % Correct
fi
85%
a
81%
à
81%
m'a
79%
ma
79%
de
77%
fixette
72%
j'suis
72%
J'suis
72%
un
70%
Zipette
70%
zipette
70%
fait
68%
le
68%
sur
68%
une
68%
elle
66%
Ce
64%
je
64%
ça
60%
dans
60%
des
60%
dès
60%
France
60%
pas
57%
pour
57%
Si
57%
A6
55%
A7
55%
Gros
55%
gros
55%
qu
55%
que
53%
j'fais
51%
l'tour
49%
n'a
49%
nous
49%
poudre
49%
tu
49%
ces
47%
en
47%
47%
47%
La
47%
la
47%
loin
47%
sound
47%
bandits
45%
Gandhi
45%
joli
45%
mafia
45%
menti
45%
system
45%
te
45%
CC
43%
qui
43%
Il
40%
il
40%
les
40%
Les
40%
napolitaine
40%
toi
40%
as
38%
au
38%
bled
38%
ceux
38%
chez
38%
nos
38%
y'a
38%
Y'a
38%
c'est
36%
d'week-end
36%
36%
Quand
36%
quand
36%
crever
34%
j'ai
34%
J'ai
34%
kilo
34%
péruvienne
34%
racheté
34%
rré-bou
34%
sten
34%
vie
34%
belle
32%
n'est
32%
par
32%
rappeurs
32%
t'aiment
32%
terres
32%
collégiennes
30%
milli
30%
pourrai
30%
s'ra
30%
ché-tou
28%
mes
28%
bénéf
26%
comme
26%
et
26%
Et
26%
eu
26%
m'faut
26%
on
26%
On
26%
qu'ma
26%
Tant
26%
cabine
23%
dem
23%
est
23%
dit
21%
j'aurai
21%
tes
21%
faut
19%
Faut
19%
froid
19%
gorille
19%
jamais
19%
l'hiver
19%
mais
19%
mois-ci
19%
public
19%
bon
17%
cadeaux
17%
dos
17%
du
17%
17%
Ils
17%
ils
17%
paire
17%
paro
17%
qu'j'ai
17%
Tel
17%
ados
15%
cassé
15%
danse
15%
d'être
15%
deux-trois
15%
gars
15%
mon
15%
mort
15%
nom
15%
perverti
15%
rien
15%
schlasser
15%
Sisi
15%
sodo
15%
tuto
15%
va
15%
aux
13%
barbier
13%
bicrave
13%
Big-up
13%
boulot
13%
bout
13%
caché
13%
d'fer
13%
d'son
13%
Golo
13%
j'me
13%
l'temps
13%
main
13%
ont
13%
porte
13%
rappelle
13%
reufs
13%
sem
13%
siffle
13%
sort
13%
T'as
13%
t'as
13%
ton
13%
t'rend
13%
bâtards
11%
Baveux
11%
baveux
11%
cagoule
11%
Cagoule
11%
épave
11%
gol-ri
11%
j'vis-ser
11%
meubles
11%
meuj
11%
notre
11%
qu'j'suis
11%
style
11%
vu
11%
yellow
11%
ancêtres
9%
après
9%
Aviv
9%
Babylone
9%
changer
9%
claquages
9%
clic-clac
9%
cojo
9%
courent
9%
craques
9%
d'mes
9%
équipe
9%
exacte
9%
gants
9%
grands
9%
Igo
9%
j'connais
9%
j'vote
9%
Kala
9%
l'code
9%
leurs
9%
localiser
9%
l'sang
9%
même
9%
m'font
9%
mogo
9%
Nouvelle
9%
partout
9%
passes
9%
position
9%
potes
9%
qu'on
9%
qu'tu
9%
s'font
9%
shoot
9%
soleil
9%
tape
9%
technologie
9%
tous
9%
veulent
9%
3endi
6%
Aqua
6%
Carton
6%
cess
6%
chasstar
6%
coffrés
6%
coutelas
6%
Dieu
6%
div
6%
foot
6%
j'peux
6%
l'habitacle
6%
l'mitard
6%
mains
6%
ou
6%
qu'ont
6%
soirées
6%
surprise
6%
t'dit
6%
Tellement
6%
tellement
6%
test
6%
troisième
6%
vends
6%
viennent
6%
ans
4%
capot
4%
chaussettes
4%
chicoter
4%
cinq
4%
croiser
4%
déçu
4%
deux cents
4%
d'peine
4%
droite
4%
fui
4%
grave
4%
hommes
4%
ivres
4%
j't'envoie
4%
juste
4%
j'voulais
4%
lâcher
4%
livres
4%
m'inscrire
4%
narcotiques
4%
remixé
4%
serrés
4%
tacles
4%
t'calmer
4%
t'évite
4%
vas
4%
vingt
4%
allait
2%
averti
2%
Cacheton
2%
convoquer
2%
cru
2%
exta
2%
gavas
2%
l'staff
2%
m'dit
2%
pression
2%
qu't'apprennes
2%
Rixes
2%
rixes
2%
senti
2%
s'tape
2%
stopper
2%
vivre
2%
d'faire
0%
d'SMIC
0%
l'beef
0%
peux
0%
t'baffer
0%
Aucun quiz correspondant
Distribution des résultats
% des personnes avec chaque résultat
Percentile par nombre de réponses
Votre historique - résultats
Vous n’avez pas pris ce quiz depuis la dernière actualisation